300 [i.e. Trescientos] Sculptures et Tableaux Xe - XVIe Siécles (Record no. 4213)

MARC details
000 -CABECERA
campo de control de longitud fija 00971nam a2200277 a 4500
001 - NÚMERO DE CONTROL
campo de control BRCA_4507
005 - FECHA Y HORA DE LA ÚLTIMA TRANSACCIÓN
campo de control 20190320204709.0
008 - DATOS DE LONGITUD FIJA--INFORMACIÓN GENERAL
campo de control de longitud fija 140910s1928----ne-a######---#000-0#fre-#
041 ## - CÓDIGO DE LENGUA
Código de lengua del texto/banda sonora o título independiente fre
044 ## - CÓDIGO DEL PAÍS DE LA ENTIDAD EDITORA/PRODUCTORA
Código MARC del país ne
050 #4 - SIGNATURA TOPOGRÁFICA DE LA BIBLIOTECA DEL CONGRESO
Número de clasificación N2481
Número de documento/Ítem .S38 1928
245 10 - MENCIÓN DE TÍTULO
Título 300 [i.e. Trescientos] Sculptures et Tableaux Xe - XVIe Siécles
Resto del título Objets de Vitrine-Art Textile, etc.
260 ## - PUBLICACIÓN, DISTRIBUCIÓN, ETC.
Lugar de publicación, distribución, etc. Holanda
Nombre del editor, distribuidor, etc. Musée van Stolk
Fecha de publicación, distribución, etc. 1928
300 ## - DESCRIPCIÓN FÍSICA
Extensión 48 p.
Otras características físicas il., 39 láminas
Dimensiones 30 cm.
500 ## - NOTA GENERAL
Nota general Catálogo de la subasta de Frederik Muller & Cie. realizada en el Musée van Stolk, 8-9 mayo, 1928
500 ## - NOTA GENERAL
Nota general Hoja suelta al principio
500 ## - NOTA GENERAL
Nota general Estado físico: Encuadernación deteriorada
500 ## - NOTA GENERAL
Nota general CG15
610 24 - PUNTO DE ACCESO ADICIONAL DE MATERIA--NOMBRE DE ENTIDAD CORPORATIVA
Nombre de entidad corporativa o nombre de jurisdicción como elemento de entrada Museé van Stolk (La Haya, Holanda)
Subdivisión de forma Subastas
9 (RLIN) 11416
650 14 - PUNTO DE ACCESO ADICIONAL DE MATERIA--TÉRMINO DE MATERIA
Término de materia o nombre geográfico como elemento de entrada Arte
Subdivisión de forma Subastas
Subdivisión geográfica La Haya
9 (RLIN) 11417
650 14 - PUNTO DE ACCESO ADICIONAL DE MATERIA--TÉRMINO DE MATERIA
Término de materia o nombre geográfico como elemento de entrada Galerías y museos
Subdivisión geográfica Holanda
9 (RLIN) 7615
700 1# - PUNTO DE ACCESO ADICIONAL--NOMBRE DE PERSONA
Nombre de persona Muller, Frederik
9 (RLIN) 11418
700 1# - PUNTO DE ACCESO ADICIONAL--NOMBRE DE PERSONA
Nombre de persona Mensing, Ant W. M.
9 (RLIN) 11419
902 ## - CATALOGADOR
Iniciales GFM
942 ## - ELEMENTOS DE PUNTO DE ACCESO ADICIONAL (KOHA)
Fuente del sistema de clasificación o colocación Library of Congress Classification
Tipo de ítem Koha Libros
Holdings
Estado de retiro Estado de pérdida Estado dañado No para préstamo Localización permanente Ubicación/localización actual Fecha de adquisición Número de inventario Total de préstamos Signatura topográfica completa Código de barras Fecha visto por última vez Precio válido a partir de Tipo de ítem Koha
El ejemplar forma parte de la colección y puede ser consultado según las políticas vigentes.       Biblioteca del Museo Franz Mayer (Rogerio Casas-Alatriste) Biblioteca del Museo Franz Mayer (Rogerio Casas-Alatriste) 14/09/2010 CG15   N2481 .S38 1928 (CG15) 4504 22/03/2019 22/03/2019 Libros